<?xml version="1.0" encoding="UTF-8"?>
<record
    xmlns:xsi="http://www.w3.org/2001/XMLSchema-instance"
    xsi:schemaLocation="http://www.loc.gov/MARC21/slim http://www.loc.gov/standards/marcxml/schema/MARC21slim.xsd"
    xmlns="http://www.loc.gov/MARC21/slim">

  <leader>02057cam a2200361 a 4500</leader>
  <datafield tag="999" ind1=" " ind2=" ">
    <subfield code="c">522652</subfield>
    <subfield code="d">522652</subfield>
  </datafield>
  <controlfield tag="001">15578956</controlfield>
  <controlfield tag="003">NUST</controlfield>
  <controlfield tag="005">20181220065958.0</controlfield>
  <controlfield tag="008">090108s2009    vauab    b    001 0 eng  </controlfield>
  <datafield tag="010" ind1=" " ind2=" ">
    <subfield code="a">  2008053520</subfield>
  </datafield>
  <datafield tag="015" ind1=" " ind2=" ">
    <subfield code="a">GBA923824</subfield>
    <subfield code="2">bnb</subfield>
  </datafield>
  <datafield tag="016" ind1="7" ind2=" ">
    <subfield code="a">014921954</subfield>
    <subfield code="2">Uk</subfield>
  </datafield>
  <datafield tag="020" ind1=" " ind2=" ">
    <subfield code="a">9781565492943 (pbk. : alk. paper)</subfield>
  </datafield>
  <datafield tag="020" ind1=" " ind2=" ">
    <subfield code="a">9781565492851 (cloth : alk. paper)</subfield>
  </datafield>
  <datafield tag="035" ind1=" " ind2=" ">
    <subfield code="a">(OCoLC)ocn277203939</subfield>
  </datafield>
  <datafield tag="038" ind1=" " ind2=" ">
    <subfield code="a">waseem</subfield>
  </datafield>
  <datafield tag="040" ind1=" " ind2=" ">
    <subfield code="a">DLC</subfield>
    <subfield code="c">DLC</subfield>
    <subfield code="d">BTCTA</subfield>
    <subfield code="d">YDXCP</subfield>
    <subfield code="d">UKM</subfield>
    <subfield code="d">C#P</subfield>
    <subfield code="d">CDX</subfield>
    <subfield code="d">BWX</subfield>
    <subfield code="d">TTU</subfield>
    <subfield code="d">DLC</subfield>
  </datafield>
  <datafield tag="043" ind1=" " ind2=" ">
    <subfield code="a">a-bg---</subfield>
  </datafield>
  <datafield tag="050" ind1="0" ind2="0">
    <subfield code="a">HN690.6.Z9</subfield>
    <subfield code="b">C66453 2009</subfield>
  </datafield>
  <datafield tag="082" ind1="0" ind2="0">
    <subfield code="a">362.557709</subfield>
    <subfield code="2">22</subfield>
    <subfield code="b">SMI</subfield>
  </datafield>
  <datafield tag="100" ind1="1" ind2=" ">
    <subfield code="a">Smillie, Ian.</subfield>
    <subfield code="9">12744</subfield>
  </datafield>
  <datafield tag="245" ind1="1" ind2="0">
    <subfield code="a">Freedom from want :</subfield>
    <subfield code="b">the remarkable success story of BRAC, the global grassroots organization that's winning the fight against poverty /</subfield>
    <subfield code="c">Ian Smillie.</subfield>
  </datafield>
  <datafield tag="260" ind1=" " ind2=" ">
    <subfield code="a">Sterling, VA :</subfield>
    <subfield code="b">Kumarian Press,</subfield>
    <subfield code="c">2009.</subfield>
  </datafield>
  <datafield tag="300" ind1=" " ind2=" ">
    <subfield code="a">xiii, 285 p. :</subfield>
    <subfield code="b">ill., map ;</subfield>
    <subfield code="c">23 cm.</subfield>
  </datafield>
  <datafield tag="504" ind1=" " ind2=" ">
    <subfield code="a">Includes bibliographical references (p. 265-267) and index.</subfield>
  </datafield>
  <datafield tag="505" ind1="0" ind2="0">
    <subfield code="g">Introduction: The</subfield>
    <subfield code="t">age of ambition --</subfield>
    <subfield code="t">Sonar Bangla --</subfield>
    <subfield code="t">Arms and the man --</subfield>
    <subfield code="g">The</subfield>
    <subfield code="t">plan --</subfield>
    <subfield code="g">The</subfield>
    <subfield code="t">problem --</subfield>
    <subfield code="t">Learning and unlearning --</subfield>
    <subfield code="t">Dulling the edge of husbandry? --</subfield>
    <subfield code="g">The</subfield>
    <subfield code="t">learning organization --</subfield>
    <subfield code="g">A</subfield>
    <subfield code="t">chicken and egg problem --</subfield>
    <subfield code="g">A</subfield>
    <subfield code="t">simple solution --</subfield>
    <subfield code="t">Of pink elephants and 9/11 --</subfield>
    <subfield code="g">The</subfield>
    <subfield code="t">mulberry bush --</subfield>
    <subfield code="t">Water and milk --</subfield>
    <subfield code="t">Millennium Development Goal 6 (Target 8) --</subfield>
    <subfield code="t">Educating Bangladesh --</subfield>
    <subfield code="t">Challenging the frontiers --</subfield>
    <subfield code="t">University --</subfield>
    <subfield code="t">On being ready --</subfield>
    <subfield code="g">The</subfield>
    <subfield code="t">democratic deficit --</subfield>
    <subfield code="t">Afghanistan --</subfield>
    <subfield code="g">The</subfield>
    <subfield code="t">source of the Nile --</subfield>
    <subfield code="t">In larger freedom.</subfield>
  </datafield>
  <datafield tag="610" ind1="2" ind2="0">
    <subfield code="a">BRAC (Organization)</subfield>
    <subfield code="9">12745</subfield>
  </datafield>
  <datafield tag="650" ind1=" " ind2="0">
    <subfield code="a">Rural development</subfield>
    <subfield code="z">Bangladesh.</subfield>
    <subfield code="9">12746</subfield>
  </datafield>
  <datafield tag="650" ind1=" " ind2="0">
    <subfield code="a">Non-governmental organizations</subfield>
    <subfield code="z">Bangladesh.</subfield>
    <subfield code="9">12747</subfield>
  </datafield>
  <datafield tag="906" ind1=" " ind2=" ">
    <subfield code="a">7</subfield>
    <subfield code="b">cbc</subfield>
    <subfield code="c">orignew</subfield>
    <subfield code="d">1</subfield>
    <subfield code="e">ecip</subfield>
    <subfield code="f">20</subfield>
    <subfield code="g">y-gencatlg</subfield>
  </datafield>
  <datafield tag="942" ind1=" " ind2=" ">
    <subfield code="2">ddc</subfield>
    <subfield code="c">BK</subfield>
  </datafield>
  <datafield tag="952" ind1=" " ind2=" ">
    <subfield code="0">0</subfield>
    <subfield code="1">0</subfield>
    <subfield code="2">ddc</subfield>
    <subfield code="4">0</subfield>
    <subfield code="7">0</subfield>
    <subfield code="8">NFIC</subfield>
    <subfield code="a">CL</subfield>
    <subfield code="b">CL</subfield>
    <subfield code="c">CART</subfield>
    <subfield code="d">2018-12-20</subfield>
    <subfield code="e">Donation</subfield>
    <subfield code="l">0</subfield>
    <subfield code="o">362.557709 SMI</subfield>
    <subfield code="p">CL-D-198</subfield>
    <subfield code="r">2024-04-02</subfield>
    <subfield code="w">2018-12-20</subfield>
    <subfield code="y">BK</subfield>
  </datafield>
</record>
